| 000 | 00558nam a2200121Ia 4500 | ||
|---|---|---|---|
| 008 | 200619s9999 xx 000 0 und d | ||
| 020 | _a978-971-98-0451-2 | ||
| 100 | _aNuncio, Rhoderick V. | ||
| 245 |
_cRhoderick V. Nuncio, Elizabeth Morales-Nuncio, Rogelio Valenzuela, Vilma Alcantara-Malabuyoc, Aileen Joy G. Saul, Jean Marie Dealino-Gragasin, Ma. Anna Villanueva.-- _aSidhaya 11: _bKomunikasyon at pananaliksik sa wika at kulturang pilipino / |
||
| 260 |
_aQuezon City : _bC & E Publishing, Inc. _c2016 |
||
| 300 | _avii, 361 pages | ||
| 650 | _aPananaliksik | ||
| 999 |
_c363720 _d363720 |
||